000 00777nam a22002657a 4500
001 20941
003 UA-OsUOA
005 20210902114928.0
007 ta
008 20031107b un ||||| |||| 00| 0 ukr d
020 _a9667272109
040 _aUA-OsUOA
_bukr
_cUA-OsUOA
_dUA-OsUOA
041 _aukr
044 _aUA
080 _a94 (477)
090 _a94 (477)
_bВ35
100 _aВерстюк В.
245 _aУкраїнська Центральна Рада
_bнавчальний посібник
260 _aКиїв
_bЗаповіт
_c1997
300 _a344 с.
650 7 _a9 Географія. Біографії. Історія
_2UDC
942 _cBK
_2udc
955 _a2
999 _c307129
_d307129